| 000 | 00396nam a22001577a 4500 | ||
|---|---|---|---|
| 003 | OSt | ||
| 005 | 20250509162821.0 | ||
| 008 | 250509b |||||||| |||| 00| 0 eng d | ||
| 020 | _a9789353168148 | ||
| 040 | _cIIMT ENGINEERING COLLEGE | ||
| 100 | _aKOONTZ HAROLD | ||
| 245 | _aESSENTIALS OF MANAGEMENT | ||
| 260 |
_aNEW DELHI-SAVERA _bT.G.H. _c3-5-2025 |
||
| 300 | _a589 | ||
| 942 |
_2ddc _c01 _e11TH |
||
| 999 |
_c65553 _d65553 |
||